000
00210 a2200097 4500
001
46598
100
_a
Azhar, Zamir
245
_a
Farthi Aqeedat
260
_a
Rawalpindi
_b
Hareem Adab
_c
090
_c
29709
_d
29709
942
_a
NUST-CAE
_c
M
_c
21901
999
_c
281671
_d
281671